Estadísticas para Países más Cercanos a Rusia

Haz click aquí para intentar la prueba.

Estadísticas generales

  • Esta prueba ha sido intentada 447 veces
  • La puntuación promedio es 18 de 20

Estadísticas de respuestas

kmPaísmillas% Correcto
0China0
99%
0Bielorrusia0
98%
0Lituania0
98%
0Mongolia0
98%
0Ucrania0
98%
0Estonia0
97%
0Finlandia0
97%
0Letonia0
97%
0Kazajistán0
96%
0Corea del Norte0
94%
0Polonia0
93%
0Azerbaiyán0
92%
208Suecia129
92%
0Georgia0
91%
0Noruega0
91%
110Armenia69
89%
43Japón27
89%
136Turquía84
86%
4Estados Unidos2
84%
165Irán103
69%

Distribución de puntuación

Porcentaje por número respondido

Porcentaje de gente con cada puntuación

Historial de tus puntuaciones

No has intentado esta prueba.